Street on torts
Salvato in:
| Autore principale: | |
|---|---|
| Natura: | Libro |
| Pubblicazione: |
New York :
Oxford University Press,
c2006
|
| Edizione: | 11th ed. |
| Soggetti: | |
| Tags: |
Aggiungi Tag
Nessun Tag, puoi essere il primo ad aggiungerne!!
|
MARC
| LEADER | 00000nam a2200000 4500 | ||
|---|---|---|---|
| 020 | |a 9780195682113 |c TZS 34,099.694 | ||
| 040 | |a MUL |b eng. |e AACR | ||
| 082 | |a 346.03 MUR | ||
| 100 | |a Murphy, John | ||
| 245 | |a Street on torts |c / John Murphy | ||
| 250 | |a 11th ed. | ||
| 260 | |a New York : |b Oxford University Press, |c c2006 | ||
| 300 | |a lxxxiv, 691 p. : |c 25 cm. | ||
| 504 | |a Includes bibliographical references and index. | ||
| 546 | |a eng. | ||
| 650 | |a Nuisance | ||
| 650 | |a Contract law | ||
| 650 | |a Law of torts | ||
| 942 | |c CC | ||
| 999 | |c 1219 |d 1219 | ||